El primer aporte de los obispos chilenos a la codificación del derecho canónico de 1917: los postulata del Obispo de Ancud, Ramón Angel Jara Ruz

Salvato in:
Dettagli Bibliografici
Autore principale: Salinas Araneda, Carlos René (autor)
Natura: Libro
Lingua:spagnolo
Pubblicazione: Santiago Boletín de la Academia Chilena de la Historia 2008
Soggetti:
Tags: Aggiungi Tag
Nessun Tag, puoi essere il primo ad aggiungerne!!

MARC

LEADER 00000nam a2200000 a 4500
001 UCH1773
003 CL-VaPUC
008 090514e20080000CL |||||||||||||||||spa|d
082 0 4 |a 262.9  |b SAL  |2 21 
100 |a Salinas Araneda, Carlos René  |e autor  |9 902664 
245 1 3 |a El primer aporte de los obispos chilenos a la codificación del derecho canónico de 1917: los postulata del Obispo de Ancud, Ramón Angel Jara Ruz 
300 |a pag. irreg 
942 |c BK 
945 |d 20090514 00:00:00  |a rbrito 
260 |a Santiago  |b Boletín de la Academia Chilena de la Historia  |c 2008 
500 |a Separata del Boletín de la Academia Chilena de la Historia 
650 7 |a DERECHO CANONICO  |2 CL-VaPUC  |9 536314 
583 |a last modification  |c 20090514 00:00:00  |k Rodrigo Vera 
999 |c 333687  |d 333685 
952 |0 0  |1 0  |4 0  |6 262_900000000000000_SAL_2008  |7 0  |8 X  |9 422254  |a FDOBUD  |b FDOBUD  |d 2019-11-22  |i 4546776  |o 262.9 SAL 2008  |p 4546776  |r 2019-11-22  |w 2019-11-22  |y BK_X  |k FHP